BIBLIOTECA

SENCICO

Gestión de proyectos en la empresa : (Registro nro. 5099)

Detalles MARC
000 -LEADER
fixed length control field 01407nam a22002777a 4500
003 - CONTROL NUMBER IDENTIFIER
control field PE SENCICO BE
005 - DATE AND TIME OF LATEST TRANSACTION
control field 20251020182712.0
008 - FIXED-LENGTH DATA ELEMENTS--GENERAL INFORMATION
fixed length control field 250213b |||||||| |||| 00| 0 eng d
020 ## - INTERNATIONAL STANDARD BOOK NUMBER
International Standard Book Number 978-84-368-2949-5
040 ## - CATALOGING SOURCE
Original cataloging agency PE SENCICO BE
Transcribing agency PE SENCICO BE
041 ## - LANGUAGE CODE
Language code of text/sound track or separate title spa
082 ## - DEWEY DECIMAL CLASSIFICATION NUMBER
Classification number 658.404
Item number V38
100 1# - MAIN ENTRY--PERSONAL NAME
9 (RLIN) 2929
Personal name Velasco Sánchez, Juan
Relator term autor
245 1# - TITLE STATEMENT
Title Gestión de proyectos en la empresa :
Remainder of title planificación, programación y control /
Statement of responsibility, etc. Juan Velasco Sánchez, Juan Antonio Campins Masriera
250 ## - EDITION STATEMENT
Edition statement [1a ed.]
260 ## - PUBLICATION, DISTRIBUTION, ETC.
Place of publication, distribution, etc. Madrid :
Name of publisher, distributor, etc. Pirámide ;
Date of publication, distribution, etc. 2013
300 ## - PHYSICAL DESCRIPTION
Extent 131 páginas :
Other physical details tablas, diagramas ;
Dimensions 24 cm.
505 0# - FORMATTED CONTENTS NOTE
Formatted contents note Planificación, programación y control de proyectos -- El método PERT -- Programación con recursos limitados -- PERT coste: método del camino crítico (CPM) -- Método de los potenciales (ROY)
520 3# - SUMMARY, ETC.
Summary, etc. Describe los conceptos y herramientas básicas que permiten a los lectores adquirir formación en la planificación y programación de proyectos. Aunque su contenido es en buena medida práctico, se abordan las cuestiones teóricas necesarias para comprender y desarrollar los ejercicios planteados.
650 10 - SUBJECT ADDED ENTRY--TOPICAL TERM
9 (RLIN) 14
Topical term or geographic name entry element Evaluación de proyectos
650 20 - SUBJECT ADDED ENTRY--TOPICAL TERM
9 (RLIN) 149
Topical term or geographic name entry element Administración de proyectos
650 20 - SUBJECT ADDED ENTRY--TOPICAL TERM
9 (RLIN) 919
Topical term or geographic name entry element Control de procesos
700 1# - ADDED ENTRY--PERSONAL NAME
9 (RLIN) 2930
Personal name Campins Masriera, Juan Antonio
Relator term autor
910 ## - USER-OPTION DATA (OCLC)
User-option data hfp
-- hfp
-- hfp
942 ## - ADDED ENTRY ELEMENTS (KOHA)
Source of classification or shelving scheme Dewey Decimal Classification
Koha item type Libros
Existencias
Fecha de la última vez que lo usaron Pago total Signatura topográfica completa Código de barras Precio efectivo desde Tipo de documento Estado perdido Sistema de clasificación Estado dañado No es para préstamo Retirado Ubicación permanente Ubicación actual Fecha de adquisición Fuente de adquisición
13/02/2025   658.404/V38 BibLima25020015 13/02/2025 Libros   Dewey Decimal Classification       Biblioteca Central Lima Biblioteca Central Lima 05/12/2024 Comprado de la librería San Cristóbal